000 nam a22 7a 4500
999 _c7157
_d7157
008 170725b xxu||||| |||| 00| 0 eng d
020 _a9789386179463
100 _93733
_aAgarwal Aditya
245 _aInformation Technology-X
260 _aMeerut
_bArihant Prakashan
_cNew Delhi